Tài liệu kiểm tra đánh giá kết quả giáo dục ở trung học phổ thông

Một số vấn đề chung về kiểm tra, đánh giá kết quả giáo dục; Một số quy định về kiểm tra đánh giá kết quả giáo dục ở THPT; Vấn đề kiểm tra, đánh giá kết quả giáo dục theo phương thức truyền thống; Vấn đề kiểm tra đánh giá giáo dục bằng trắc nghiệm khách quan; Kiểm tra, đánh giá kết quả giáo dục với m...

全面介紹

Đã lưu trong:
書目詳細資料
其他作者: Nguyễn Đức Vũ PGS. TS
格式: 圖書
語言:Vietnamese
出版: Hà Nội Đại học Quốc gia Hà Nội 2013
主題:
標簽: 添加標簽
沒有標簽, 成為第一個標記此記錄!
Thư viện lưu trữ: Mạng thư viện Đại học Đà Nẵng
LEADER 01877nam a2200337 4500
001 000018277
003 14704
005 20131003141051.0
008 131003s2013 viesd
020 |a 9786049341212 
041 0 |a vie 
082 1 4 |a 373.126  |b Ta-L 
245 0 0 |a Tài liệu kiểm tra đánh giá kết quả giáo dục ở trung học phổ thông 
260 |a Hà Nội  |b Đại học Quốc gia Hà Nội  |c 2013 
300 |a 110 tr.  |c 27 cm. 
500 |a Chủ trì: PGS.TS. Nguyễn Đức Vũ; biên soạn: Võ Trọng An, Lê Đình, Đặng Văn Hồ, Nguyễn Đình Luyện, Trần Hữu pHong, Lê Công Triêm, Trần Đức Tuấn, Nguyễn Đức Vượng.  |a ĐTTS: Dự án PT GV THPT&TCCN - Trường Đại học sư phạm, Đại học Huế 
520 3 |a Một số vấn đề chung về kiểm tra, đánh giá kết quả giáo dục; Một số quy định về kiểm tra đánh giá kết quả giáo dục ở THPT; Vấn đề kiểm tra, đánh giá kết quả giáo dục theo phương thức truyền thống; Vấn đề kiểm tra đánh giá giáo dục bằng trắc nghiệm khách quan; Kiểm tra, đánh giá kết quả giáo dục với mục tiêu phát triển bền vững. 
650 0 4 |a Giáo dục phổ thông  |x Kiểm tra đánh giá 
653 |a Kiểm tra giáo dục 
653 |a Đánh giá giáo dục 
700 1 |a Nguyễn Đức Vũ  |c PGS. TS 
OWN |a LSP 
AVA |a UDN50  |b LSP  |d 373.126 Ta-L  |e check_holdings  |t Error 5003 Not defined in file expand_doc_bib_avail.  |h N  |k 1 
999 |a From the UDN01 
AVA |a UDN50  |b LSP  |d 373.126 Ta-L  |e available  |t Error 5001 Not defined in file expand_doc_bib_avail.  |f 33  |g 0  |h N  |i 4  |k 1 
TYP |a Monograph 
TYP |a Printed language 
980 |a Mạng thư viện Đại học Đà Nẵng